000 00494nam a2200169Ia 4500
008 090711s9999 xx 000 0 und d
082 _b78995
100 _aओक जनार्दन
245 _aइंद्राणी
260 _bसत्यजय प्रकाशन
_c1995
300 _a176
600 _aओक जनार्दन
630 _aइंद्राणी
700 _aओक जनार्दन
730 _aइंद्राणी
942 _cBOOK
999 _c290971
_d290971